000 00351nam a2200145Ia 4500
005 20250320225645.0
008 240331s9999 xx 000 0 und d
082 _bPAN
_a894
100 _aPandurankam, A
245 0 _aKapiya Iyal
260 _aPuthucheri
_bTamilarangam
_c1992
300 _a255 p .,
500 _aKaapiyangal Patriye thdal
942 _cL
999 _c3777
_d3777